00943naa#a2200193#i#4500001001500000005001700015011001400032100004100046101000800087102000700095200024200102210011400344215001000458608004500468675010800513700006200621700005200683856001400735RU\\bibl\5808420260515083451.5##a2782-490X##a20230424b2023####ek#y0rusy0150####ca0#aRUS##aRU1#aОСОБЕННОСТИ СТРУКТУРЫ ПОЧВЕННОГО ПОКРОВА СЕВЕРНОЙ ЧАСТИ АКТАЙ-ШЕНТАЛИНСКОГО ЛАНДШАФТНОГО НИЗМЕННОГО РАЙОНАeЖурнальная статья1#aКазаньcКазанский государственный аграрный университетd2023##a4 с.##aЖурнальная статья2local##aГранулометрический состав почвы. Строение почвы. 631.435zRUS#1aГаффароваgЛилия Габдулбаровна#1aБеляевgСергей Михайлович4#azh-szf.ru